00647nam a2200193 a 450000100100000000500170001000800410002702000150006804000250008304100390010808200140014710000270016124000330018824500730022126000580029430000330035253400400038570000280042500002312420200930022014.0101126s1987 ag r 000 0 spa d a9500406179 aDO-SdBNPbspacBNPHU17aspaheng2Código de idioma MARC. aNNNbI26u1 aIkeda, Daisaku,d1928-10aA lasting peace.lEspañol.10aUna paz duradera /cDaisaku Ikeda ; traducción Alberto Luis Bixio. aBuenos Aires, (Argentina) :bEmecé Editores,c1987. a331, [2] p. :bil. ;c20 cm. aTítulo original:tA lasting peace1 aBisio, Alberto Luisetr